Postacie historyczne według zdjęcia #6 - Statystyki

Ogólne statystyki
  • Ten quiz został rozwiązany 2 619 razy
  • Średni wynik to 7 z 20
Statystyki odpowiedzi
Obrazkowy Hint Odpowiedź % Poprawnych
1949–2010 Lech Kaczyński
97%
1923–2014 Wojciech Jaruzelski
93%
1945–1981 Bob Marley
76%
1926–2016 Fidel Castro
67%
1867–1912 / 1871–1948 Bracia Wright
56%
1912–1994 Kim Ir Sen
56%
1483–1546 Marcin Luter
54%
1881–1973 Pablo Picasso
46%
1894–1971 Nikita Chruszczow
39%
1937–2006 Saddam Husajn
37%
742–814 Karol Wielki
30%
1887–1975 Czang Kaj-szek
17%
1822-1882 Ignacy Łukasiewicz
16%
1888–1935 Thomas Edward Lawrence
16%
1892–1975 Hajle Syllasje
14%
1913–1980 Jesse Owens
14%
1936–1959 Buddy Holly
6%
1913–1993 Stanisław Marusarz
6%
1906–1975 Josephine Baker
4%
1825–1897 Sondre Norheim
3%
Nie znaleziono quizów pasujących do podanych kryteriów
Rozkład punktacji
Procent ludzi z każdym wynikiem
Percentyl według liczby udzielonych odpowiedzi
Twoja historia wyników
Nie rozwiązałeś tego quizu